000 00544nam a2200169 4500
999 _c165003
_d165003
010 _aENG-125447
020 _a9789380658353
_c550.00
035 _aEN-108979
037 _bDBAD/PUB
082 _a828
245 _aThe Popcorn essayists :
_bwhat movies do to writers /
_cedited by Jai Arjun Singh.
260 _aChennai
_bTranquebar Press
_c2013
270 _aVenkat Towers, 165, P.H.Road, Maduravoyal
_bChennai
_e600095
300 _axiii, 227 p.
_c21cm(Hb)
700 _aSingh, Jai Arjun.
942 _2ddc
_cEN
_h828
_mTHE